00886 a2200193 45000010006000000050017000060080041000230030015000640400040000790800104001192450040002230200022002632640033002853000024003185050217003420410008005591000026005678560099005934943320260407155758.0260407a2018 arg spa dAR-UNSa-BCEJYS aAR-UNSa-BCEJYSbspacAR-UNSa-BCEJYS a347.736xQuiebra. Insolvencia. Suspensión de pagos. Bancarrota, procedimientos. Derecho Concursal10aIntroducción al derecho concursal a978-987-706-220-5 1aBuenos Aires :bAstreac2018 axvi, 160 p.c23 cm. a1. Caracterización general - 2. Procesos concursales - 3. Finalidad del Derecho concursal. Sistemas - 4. Principios generales del Derecho Concursal - 5. El derecho concursal en la teoría general del Derecho.  aspa1 aGerbaudo, Germán E.41uhttps://www.biblioeco.unsa.edu.ar/pmb/images/libros/L128096.jpgyImagen de portadaqimage/jpeg